Fundamentos de dibujo en ingeniería : con una introducción a las graficas por computadora interactiva para diseño y producción

Bibliographic Details
Main Author: Luzadder, Warren J.
Format: Section = Libro
Language:Undetermined
Spanish
Published: México Pearson Prentice Hall 1994
Edition:11a.ed.
Subjects:
LEADER 00602nam a2200193Ia 4500
008 240830s9999 xx 000 0 und d
020 |a 968-880-382-0 
040 |a B-ESTELÍ- RUACS / 604.2 L979 
041 |a spa 
082 |a 604.2 L979 
100 1 |a Luzadder, Warren J. 
245 1 0 |a Fundamentos de dibujo en ingeniería : con una introducción a las graficas por computadora interactiva para diseño y producción 
250 |a 11a.ed. 
260 |a México  |b Pearson Prentice Hall  |c 1994 
300 |a 726 p. :il 
650 7 |a DIBUJO EN INGENIERÍA 
942 |c BK  |2 ddc 
991 |a TEXTO 
999 |c 11125